Women's studies international forum
Αποθηκεύτηκε σε:
| Μορφή: | Περιοδική έκδοση |
|---|---|
| Γλώσσα: | English |
| Δημοσίευση: |
Oxford ; New York :
Pergamon,
c1982-
|
| Θέματα: | |
| Διαθέσιμο Online: | https://www.sciencedirect.com/journal/womens-studies-international-forum/issues |
| Ετικέτες: |
Προσθήκη ετικέτας
Δεν υπάρχουν, Καταχωρήστε ετικέτα πρώτοι!
|
MARC
| LEADER | 00000cas a2200000 i 4500 | ||
|---|---|---|---|
| 001 | 1/84181 | ||
| 008 | 080508c19829999uk ||||||| | ||eng|| | ||
| 022 | |a 0277-5395 | ||
| 035 | |l 10097124 | ||
| 040 | |a GR-MY-UA |b gre |e aacr | ||
| 041 | 0 | |a eng | |
| 082 | 7 | |a 305.405 |2 (22) | |
| 245 | 1 | 0 | |a Women's studies international forum |h [περιοδικό] |
| 260 | |a Oxford ; New York : |b Pergamon, |c c1982- | ||
| 300 | |a τ. : |b εικ. ; |c 25 εκ. | ||
| 310 | |a Διμηνιαίο, |b 1982- | ||
| 650 | 0 | 0 | |a Women's studies |x Periodicals. |
| 650 | 0 | 0 | |a Feminism |x Periodicals. |
| 650 | 0 | 0 | |a Women |x Periodicals. |
| 853 | |a INST |b RHODES |c SER |h 305.405 | ||
| 856 | |u https://www.sciencedirect.com/journal/womens-studies-international-forum/issues | ||
| 901 | |a BIBL4-2008-2 | ||
| 970 | |a ΚΟΖΑ |b ΜΑΡΙΑ |z 2008/05/08 | ||